[Event "Titled Tue 26th Aug Early"]
[Site "chess.com INT"]
[Date "2025.08.26"]
[Round "4"]
[White "Kuznetsov, Felix"]
[Black "Purygin, Andrei"]
[Result "1/2-1/2"]
[WhiteTitle "FM"]
[BlackTitle "FM"]
[WhiteElo "2171"]
[BlackElo "2309"]
[WhiteFideId "34147990"]
[BlackFideId "24111180"]
[EventDate "2025.08.26"]

1. e4 e5 2. Nc3 Nf6 3. f4 d5 4. fxe5 Nxe4 5. Qf3 Nxc3 6. bxc3 Be6 7. d4 c5 8.
Bb5+ Nc6 9. Ne2 cxd4 10. Bxc6+ bxc6 11. cxd4 Qa5+ 12. c3 Be7 13. O-O Rb8 14. Nf4
Kd7 15. Qg3 h6 16. h3 g5 17. Nh5 Rb7 18. Nf6+ Bxf6 19. exf6 Rhb8 20. a4 Qc7 21.
Qe3 Rb1 22. Ba3 Rxf1+ 23. Rxf1 Rb3 24. Bb4 a5 25. Bc5 Qb8 26. Qd3 Rb2 27. Re1
Qf4 28. Rf1 Qd2 29. Qg3 Kc8 30. Kh2 Rc2 31. Rb1 Rb2 32. Rxb2 Qxb2 33. Qd6 Qb7
34. Qf8+ Kc7 35. Be7 Kb6 36. Qd8+ Qc7+ 37. Qxc7+ Kxc7 38. Kg3 Bf5 39. h4 Bc2 40.
hxg5 hxg5 41. Kg4 Bxa4 42. Kxg5 Bc2 43. Kh6 Kd7 44. Kg5 Ke6 45. Kf4 a4 46. g4
Bd1 47. Ba3 Bc2 48. g5 Bb1 49. Bc5 Bg6 50. Ke3 Kf5 51. Kd2 Kxg5 52. Be7 Kf4 53.
Kc1 Ke3 54. Kb2 Kd2 55. Bb4 Bc2 56. c4+ Kd3 57. cxd5 cxd5 58. Bc5 Bb3 59. Ka3
Ke4 60. Kb4 Kf5 61. Be7 Kf4 62. Kc3 Ke3 63. Ba3 Bc4 64. Be7 Ke4 65. Ba3 Kf5 66.
Be7 Kg6 67. Kb4 Bb3 68. Ka5 a3 69. Bxa3 Kxf6 70. Kb4 Bc4 71. Kc3 Kf5 72. Kd2 Ke4
73. Bc5 f5 74. Ke1 Ke3 75. Bb4 Kxd4 76. Kd2 Ke4 77. Ba5 f4 78. Bb6 Kf3 79. Bd4
Kg3 80. Ke1 f3 81. Bf2+ Kf4 82. Bd4 Ke4 83. Bc5 d4 84. Kf2 Kd3 85. Bb4 Kc2 86.
Kxf3 d3 87. Ke3 Kb3 88. Bd2 Kc2 89. Be1 Kd1 90. Bd2 Bb5 91. Ba5 Ba6 92. Bd2 Bb5
93. Ba5 Ba6 94. Bd2 Bb5 1/2-1/2

[Event "Titled Tue 26th Aug Early"]
[Site "chess.com INT"]
[Date "2025.08.26"]
[Round "4"]
[White "Janaszak, Dawid"]
[Black "Kaufman, David"]
[Result "1/2-1/2"]
[WhiteTitle "FM"]
[BlackTitle "IM"]
[WhiteElo "2306"]
[BlackElo "2447"]
[WhiteFideId "1119206"]
[BlackFideId "34220194"]
[EventDate "2025.08.26"]

1. e4 c5 2. Nc3 Nc6 3. Bb5 Nd4 4. Nf3 a6 5. Bd3 e6 6. O-O Nc6 7. a3 Nf6 8. e5
Ng4 9. Re1 d6 10. exd6 Bxd6 11. Ne4 Be7 12. b3 Nf6 13. Bb2 O-O 14. Nfg5 h6 15.
Nxf6+ Bxf6 16. Bxf6 Qxf6 17. Nh7 Qe7 18. Nxf8 Qxf8 19. Qf3 Bd7 20. Qe4 g6 21. b4
Rd8 22. b5 axb5 23. Bxb5 Qd6 24. d3 Nd4 25. Bxd7 Rxd7 26. Ra2 Qb6 27. h3 Qa5 28.
Rb1 Qd2 29. Qe1 Qg5 30. Kh1 Nf5 31. Rab2 Qe7 32. Qe4 Nd6 33. Qe3 Nf5 34. Qe5 h5
35. Qb8+ Kg7 36. Rxb7 Rxb7 37. Qxb7 Qf6 38. Qf3 Qc3 39. d4 Qxc2 40. Qd1 Qxf2 41.
dxc5 Qxc5 42. Qf3 h4 43. a4 Qc2 44. Re1 Qxa4 45. Qc3+ Kh7 46. Qf6 Qa7 47. Rd1
Qc7 48. Qb2 Qf4 49. Kg1 Qe3+ 50. Qf2 Qe5 51. Re1 Qc3 52. Rf1 Kg7 53. Qf3 Qd4+
54. Qf2 Qd5 55. Qf3 Qe5 56. Qf2 g5 57. Re1 Qc3 58. Rf1 Kg6 59. Qf3 Qc5+ 60. Qf2
Qe5 61. Re1 Qc7 62. Qf3 Qc5+ 63. Qf2 Qc7 64. Qf3 Qc5+ 65. Qf2 Qxf2+ 66. Kxf2 Nd4
67. Re4 Nc6 68. Rc4 Ne5 69. Rc7 f5 70. Ra7 Kf6 71. Ra8 Nd3+ 72. Kg1 Nf4 73. Kf2
e5 74. Ra6+ Ne6 75. Rb6 f4 76. Rb8 e4 77. Rb5 e3+ 78. Kf1 Nd4 79. Rd5 Ne6 80.
Ke2 Nc7 81. Rd6+ Ke5 82. Rc6 Ne6 83. Ra6 Nd4+ 84. Kd3 Nf5 85. Ra5+ Kf6 86. Ra6+
Ke5 87. Ra5+ Kf6 88. Ke2 Nd4+ 89. Kd3 Ne6 90. Ra6 Kf5 91. Ra5+ Kg6 92. Ra6 Kf5
93. Ra5+ Kg6 94. Ra6 Kf5 1/2-1/2

[Event "Titled Tue 26th Aug Early"]
[Site "chess.com INT"]
[Date "2025.08.26"]
[Round "4"]
[White "Gilfanov, Marat I"]
[Black "Shimanov, Aleksandr"]
[Result "1/2-1/2"]
[WhiteTitle "FM"]
[BlackTitle "GM"]
[WhiteElo "2304"]
[BlackElo "2578"]
[WhiteFideId "34372164"]
[BlackFideId "4198603"]
[EventDate "2025.08.26"]

1. e4 c6 2. d4 d5 3. e5 Bf5 4. Nf3 e6 5. Be2 c5 6. Be3 Qb6 7. Nc3 c4 8. Qc1 h6
9. O-O Bb4 10. Na4 Qa5 11. b3 b5 12. a3 Be7 13. Nc5 Bxc5 14. dxc5 Nc6 15. a4
Nge7 16. axb5 Qxb5 17. bxc4 dxc4 18. Qa3 Bxc2 19. Rfc1 Bd3 20. Bxd3 cxd3 21.
Rab1 Qa5 22. Qxd3 O-O 23. Ra1 Qc7 24. Qd6 Qc8 25. Qd3 Rd8 26. Qe4 Nf5 27. Rd1
Rxd1+ 28. Rxd1 a5 29. Ra1 Nce7 30. Nd4 Nxd4 31. Qxd4 Nd5 32. Bd2 a4 33. Rxa4
Rxa4 34. Qxa4 Qxc5 35. h3 Qc8 36. Qe4 Qb8 37. Bf4 Qb4 38. Qxb4 Nxb4 39. Kf1 g5
40. Bh2 Kh7 41. g4 Kg6 42. Ke2 h5 43. f3 Nd5 44. Kd3 Nb4+ 45. Ke4 Na6 46. Bg3
Nc5+ 47. Kd4 Nd7 48. Bh2 Kh6 49. Bg1 Nf8 50. Ke4 Ng6 51. Bh2 Nh4 52. Bg3 Ng6 53.
Bh2 Ne7 54. Bg3 Nd5 55. Bh2 Nc3+ 56. Kd3 Na4 57. Bg1 Kg6 58. Bd4 f6 59. exf6 e5
60. Bxe5 hxg4 61. hxg4 Nc5+ 62. Kd4 Ne6+ 63. Kd5 Nd8 64. Kd6 Nf7+ 65. Ke6 Nd8+
66. Ke7 Nf7 67. Bd4 Nh8 68. Be3 Nf7 69. Ke6 Nd8+ 70. Kd7 Nf7 71. Ke7 Ne5 72. f4
gxf4 73. Bxf4 Nf7 74. g5 Nh8 75. Kf8 Nf7 76. Kg8 Nd8 77. Be3 Nf7 78. Kf8 Nd8 79.
Ke7 Nf7 80. Bf4 Nh8 81. Bd2 Nf7 82. Bc1 Nh8 83. Be3 Nf7 84. Bd2 Nh8 85. Kf8 Nf7
86. Bf4 Nh8 87. Kg8 Nf7 88. Be3 Nd8 89. Bd2 Nf7 90. Bf4 Nd8 91. Kf8 Nf7 92. Kg8 1/2-1/2

[Event "Titled Tue 26th Aug Early"]
[Site "chess.com INT"]
[Date "2025.08.26"]
[Round "4"]
[White "Kona, Vidip"]
[Black "Sarveshwaran V"]
[Result "1/2-1/2"]
[BlackTitle "CM"]
[WhiteElo "2145"]
[BlackElo "2290"]
[WhiteFideId "30990440"]
[BlackFideId "25699016"]
[EventDate "2025.08.26"]

1. Nf3 Nf6 2. c4 c5 3. g3 Nc6 4. Bg2 e6 5. O-O d5 6. cxd5 exd5 7. d4 c4 8. Nc3
Bf5 9. Bg5 Be7 10. Ne5 Be6 11. Re1 h6 12. Bxf6 gxf6 13. Nxc6 bxc6 14. e4 h5 15.
exd5 cxd5 16. Qa4+ Kf8 17. Qb5 Rb8 18. Qa6 Rb6 19. Qxa7 Rd6 20. Qa4 h4 21. Qc2
hxg3 22. hxg3 Qd7 23. Ne2 Bf5 24. Qd2 Rb6 25. Nf4 Bb4 26. Qe2 Bxe1 27. Rxe1 Rd6
28. Qd2 Kg7 29. Qe3 Bg6 30. Qe7 Qxe7 31. Rxe7 Be4 32. Bxe4 dxe4 33. Rxe4 f5 34.
Re5 Rxd4 35. Rxf5 Rb8 36. b3 cxb3 37. axb3 Rxb3 38. Kg2 Rb2 39. Nh3 Rd6 40. Nf4
Rdd2 41. Nh3 Rdc2 42. Rf3 Rd2 43. Nf4 Rdc2 44. Nd5 Rd2 45. Ne3 Ra2 46. Nc4 Rd5
47. Rf4 Ra4 48. Rg4+ Kf8 49. Ne3 Rxg4 50. Nxd5 Rd4 51. Nf4 Ra4 52. Kf3 Kg7 53.
Nd5 Kg6 54. Ne3 Kg5 55. Kg2 f5 56. Nd5 Rd4 57. Nc7 Kf6 58. Nb5 Rd1 59. Nc3 Rd3
60. Ne2 Ra3 61. Nf4 Ra4 62. Kf3 Kg5 63. Ne6+ Kf6 64. Nc5 Ra3+ 65. Kf4 Ra2 66. f3
Rc2 67. Nd3 Rc4+ 68. Ke3 Ra4 69. Nf4 Ra3+ 70. Kf2 Ke5 71. Ng6+ Kd4 72. g4 fxg4
73. fxg4 Ke4 74. Kg2 Ra6 75. Ne7 Kf4 76. Nd5+ Kxg4 77. Kf2 Ra5 78. Nb4 Kf4 79.
Ke2 Ke4 80. Kd2 Ra3 81. Kc2 Rh3 82. Kb2 Kd4 83. Na2 Kc4 84. Nc1 Rh2+ 85. Kb1 Kc3
86. Na2+ Kb3 87. Nc1+ Ka3 88. Nd3 Rd2 89. Nc1 Rh2 90. Nd3 Kb3 91. Nc1+ Kb4 92.
Na2+ Kc4 93. Nc1 Rh1 94. Kc2 Rh2+ 95. Kb1 1/2-1/2

[Event "Titled Tue 26th Aug Early"]
[Site "chess.com INT"]
[Date "2025.08.26"]
[Round "4"]
[White "Ono, David"]
[Black "Tifferet, Shakked"]
[Result "1/2-1/2"]
[BlackTitle "FM"]
[WhiteElo "2110"]
[BlackElo "2322"]
[WhiteFideId "146943"]
[BlackFideId "2811529"]
[EventDate "2025.08.26"]

1. c4 f5 2. g3 Nf6 3. Bg2 g6 4. Nc3 Bg7 5. e3 O-O 6. Nge2 d6 7. O-O Nc6 8. d4 e5
9. Rb1 Qe7 10. b4 Kh8 11. b5 Nd8 12. Ba3 e4 13. Nf4 Qf7 14. f3 exf3 15. Qxf3
Qxc4 16. Rfc1 Qf7 17. Ncd5 Ne8 18. h4 Ne6 19. Bb4 Nxf4 20. Qxf4 Be6 21. Nc3 Bxa2
22. Nxa2 Qxa2 23. Bxb7 Rb8 24. Bc6 Nf6 25. Ra1 Qb3 26. Rcb1 Qc2 27. Qf2 Qxf2+
28. Kxf2 Bh6 29. Bd2 Ne4+ 30. Ke2 Nxg3+ 31. Kd3 Ne4 32. Bxe4 fxe4+ 33. Kxe4
Rbe8+ 34. Kd3 Rf3 35. Re1 Rf5 36. Reb1 Rb8 37. Kc4 Rb7 38. Rf1 Rfxb5 39. Rf7 d5+
40. Kd3 c5 41. Rxb7 c4+ 42. Kc3 Rxb7 43. Ra2 Rb3+ 44. Kc2 Bxe3 45. Bxe3 Rxe3 46.
Rxa7 Re4 47. Kc3 Rxh4 48. Rd7 Rh3+ 49. Kb4 Rb3+ 50. Kc5 c3 51. Kxd5 Rb5+ 52. Ke6
Rb6+ 53. Kd5 h5 54. Rc7 Rb3 55. Ke5 h4 56. Kf4 c2 57. Rxc2 Kg7 58. Kg4 h3 59. d5
Kf6 60. Re2 Rd3 61. Rf2+ Kg7 62. Re2 Rd4+ 63. Kxh3 Rxd5 64. Kg4 Rf5 65. Re7+ Kf6
66. Re2 Rg5+ 67. Kf4 Rf5+ 68. Kg4 Ra5 69. Rb2 Ra4+ 70. Kg3 Kg5 71. Rb5+ Kh6 72.
Rb3 g5 73. Rb6+ Kh5 74. Rb3 Rc4 75. Rd3 Rb4 76. Ra3 Rb5 77. Rc3 Kg6 78. Rc6+ Kf5
79. Rc3 Rd5 80. Ra3 g4 81. Rc3 Kg5 82. Rb3 Rc5 83. Ra3 Rd5 84. Rb3 Kf5 85. Ra3
Rd1 86. Ra5+ Ke4 87. Ra4+ Ke3 88. Kxg4 Rg1+ 89. Kf5 Rf1+ 90. Ke5 Rh1 91. Ra3+
Kd2 92. Kf4 Rh4+ 93. Kg5 Rc4 94. Ra2+ Kd3 95. Rg2 Kd4 96. Rg4+ Kd5 97. Rxc4 Kxc4 1/2-1/2

[Event "Titled Tue 26th Aug Early"]
[Site "chess.com INT"]
[Date "2025.08.26"]
[Round "5"]
[White "Shangin, Lev"]
[Black "Pliukha, Myhajlo"]
[Result "0-1"]
[WhiteElo "2186"]
[BlackElo "2209"]
[WhiteFideId "55681085"]
[BlackFideId "14164698"]
[EventDate "2025.08.26"]

1. d4 Nf6 2. c4 e6 3. Nf3 d5 4. Nc3 c5 5. cxd5 Nxd5 6. e4 Nxc3 7. bxc3 cxd4 8.
cxd4 Bb4+ 9. Bd2 Bxd2+ 10. Qxd2 O-O 11. Bc4 b5 12. Bxb5 Bb7 13. Bd3 Nc6 14. Bc2
Ba6 15. Bd3 Bxd3 16. Qxd3 Qa5+ 17. Qd2 Qa6 18. Qe2 Qa4 19. Rd1 Rfd8 20. O-O Nxd4
21. Nxd4 Rxd4 22. Rxd4 Qxd4 23. Rd1 Qa4 24. h3 Rc8 25. f3 h5 26. Rd2 Rc1+ 27.
Kh2 Qa5 28. Qf2 Qe5+ 29. Qg3 Rh1+ 0-1

[Event "Titled Tue 26th Aug Early"]
[Site "chess.com INT"]
[Date "2025.08.26"]
[Round "5"]
[White "Carafizi, Vasile"]
[Black "Di Nicolantonio, Lucas"]
[Result "0-1"]
[WhiteTitle "FM"]
[BlackTitle "IM"]
[WhiteElo "2134"]
[BlackElo "2409"]
[WhiteFideId "4002539"]
[BlackFideId "680460"]
[EventDate "2025.08.26"]

1. d4 Nf6 2. Nf3 b6 3. g3 Bb7 4. Bg2 g6 5. O-O Bg7 6. c4 O-O 7. b3 e6 8. Bb2 d5
9. Nc3 dxc4 10. bxc4 Nbd7 11. Ba3 Re8 12. Rb1 Ne4 13. Qc2 Nxc3 14. Qxc3 c5 15.
Qe3 Rc8 16. Rfd1 Bxf3 17. Qxf3 cxd4 18. Qb7 Rc7 19. Qa6 Qc8 20. Rbc1 Qxa6 0-1

[Event "Titled Tue 26th Aug Early"]
[Site "chess.com INT"]
[Date "2025.08.26"]
[Round "5"]
[White "Puzyrevsky, Semyon"]
[Black "Srihari, L"]
[Result "0-1"]
[WhiteTitle "FM"]
[BlackTitle "IM"]
[WhiteElo "2269"]
[BlackElo "2368"]
[WhiteFideId "24240931"]
[BlackFideId "46642056"]
[EventDate "2025.08.26"]

1. e4 c6 2. Nc3 d5 3. Nf3 b5 4. a3 dxe4 5. Nxe4 Nf6 6. Nxf6+ exf6 7. d4 Bd6 8.
c3 O-O 9. Be2 Re8 10. O-O Nd7 11. h3 Nf8 12. Re1 Ng6 13. Nd2 Bc7 14. Bf3 Be6 15.
Nf1 Qd6 16. Be3 Nh4 17. Ng3 Bd5 18. Bxd5 Qxd5 19. Kf1 Bxg3 20. Ke2 Bxf2 21. Kd2
Bxe1+ 22. Kc2 Rxe3 23. Qg4 Qxg2+ 24. Kb3 Qxg4 25. hxg4 Nf3 26. Kb4 Nxd4 27. Ka5
Nb3+ 28. Ka6 Nxa1 29. Kb7 Ree8 30. a4 Rec8 31. c4 Nb3 32. g5 Nc5# 0-1

[Event "Titled Tue 26th Aug Early"]
[Site "chess.com INT"]
[Date "2025.08.26"]
[Round "5"]
[White "Cave, Iwan"]
[Black "Sai, Han Thiha"]
[Result "0-1"]
[BlackTitle "FM"]
[WhiteElo "2136"]
[BlackElo "2117"]
[WhiteFideId "495948"]
[BlackFideId "13012290"]
[EventDate "2025.08.26"]

1. e4 c6 2. d4 d5 3. Nc3 dxe4 4. Nxe4 Nf6 5. Nxf6+ exf6 6. c3 Na6 7. Be3 Nc7 8.
Qf3 Nd5 9. Bd3 Bd6 10. Ne2 O-O 11. a3 Re8 12. O-O g6 13. Nf4 Nxe3 14. fxe3 f5
15. Rae1 Qg5 16. e4 fxe4 17. Bxe4 Bg4 18. Qf2 f5 19. h4 Qxf4 20. Qxf4 Bxf4 21.
Rxf4 h5 0-1

[Event "Titled Tue 26th Aug Early"]
[Site "chess.com INT"]
[Date "2025.08.26"]
[Round "5"]
[White "Kocharin, Timur"]
[Black "Altun, Arda"]
[Result "1-0"]
[WhiteTitle "FM"]
[BlackTitle "FM"]
[WhiteElo "2310"]
[BlackElo "2104"]
[WhiteFideId "16240936"]
[BlackFideId "34511580"]
[EventDate "2025.08.26"]

1. e4 c6 2. d4 d5 3. e5 Bf5 4. h4 h5 5. Bd3 Bxd3 6. Qxd3 e6 7. Nf3 Nh6 8. Bxh6
Rxh6 9. Nbd2 c5 10. dxc5 Na6 11. O-O Nxc5 12. Qe2 Rg6 13. c4 Be7 14. cxd5 Qxd5
15. Rfd1 Rd8 16. Nb3 Qe4 17. Qb5+ Qc6 18. Qxc6+ bxc6 19. Rxd8+ Kxd8 20. Nxc5
Bxc5 21. Rc1 Bb6 22. Ng5 f6 23. Nxe6+ Ke7 24. Nf4 Rg4 25. exf6+ Kxf6 26. Rxc6+
Kf5 27. Nd5 Bd4 28. Rc4 Bxf2+ 29. Kxf2 1-0

[Event "Titled Tue 26th Aug Early"]
[Site "chess.com INT"]
[Date "2025.08.26"]
[Round "5"]
[White "Willim, Michael"]
[Black "Manukian, Artak"]
[Result "0-1"]
[WhiteTitle "CM"]
[WhiteElo "2023"]
[BlackElo "2104"]
[WhiteFideId "4632435"]
[BlackFideId "13301373"]
[EventDate "2025.08.26"]

1. c4 e6 2. Nc3 c5 3. Nf3 Nc6 4. g3 d5 5. cxd5 exd5 6. d4 Nf6 7. Bg2 c4 8. O-O
Bb4 9. Ne5 O-O 10. Qa4 Bxc3 11. bxc3 Nxe5 12. dxe5 Ne4 13. Bxe4 dxe4 14. Qxc4
Bh3 15. Re1 Rc8 16. Qxe4 Rxc3 17. Bb2 Rc6 18. Red1 Qb6 19. Bd4 Qa6 20. Qh4 Bf5
21. e4 Bg6 22. f4 Bxe4 23. Rf1 Rc2 24. Bf2 Qe2 0-1

[Event "Titled Tue 26th Aug Early"]
[Site "chess.com INT"]
[Date "2025.08.26"]
[Round "5"]
[White "Zhigalko, Sergei"]
[Black "Waldhausen Gordon, Frederick"]
[Result "1-0"]
[WhiteTitle "GM"]
[BlackTitle "FM"]
[WhiteElo "2572"]
[BlackElo "2393"]
[WhiteFideId "13502956"]
[BlackFideId "2409143"]
[EventDate "2025.08.26"]

1. e4 e5 2. Nf3 Nc6 3. Bc4 Nf6 4. d3 Bc5 5. O-O d6 6. c3 a6 7. Bb3 O-O 8. Nbd2
Be6 9. h3 Ba7 10. Re1 Re8 11. Nf1 d5 12. Bg5 dxe4 13. dxe4 h6 14. Qxd8 Raxd8 15.
Bxf6 gxf6 16. Ng3 Na5 17. Nh5 Nxb3 18. Nxf6+ Kf8 19. axb3 Re7 20. Rad1 Rxd1 21.
Rxd1 Bxb3 22. Rd8+ Kg7 23. Nh5+ Kg6 24. Rg8+ Kh7 25. Nf6# 1-0

[Event "Titled Tue 26th Aug Early"]
[Site "chess.com INT"]
[Date "2025.08.26"]
[Round "5"]
[White "Nguyen, Thanh Nghia"]
[Black "Khadour, Ismael"]
[Result "1-0"]
[WhiteTitle "CM"]
[BlackTitle "FM"]
[WhiteElo "2124"]
[BlackElo "1992"]
[WhiteFideId "12401870"]
[BlackFideId "7601930"]
[EventDate "2025.08.26"]

1. d4 Nf6 2. Bf4 d5 3. e3 c5 4. c3 Nc6 5. Nd2 Qb6 6. Qb3 c4 7. Qc2 g6 8. Ngf3
Bf5 9. Qc1 Bg7 10. h3 Nh5 11. Bh2 Bd7 12. e4 dxe4 13. Nxe4 O-O 14. Bxc4 Rac8 15.
Nc5 Rfd8 16. O-O e5 17. Ng5 Be8 18. Na4 Qa5 19. Nc5 exd4 20. Nxb7 Qb6 21. Nxd8
Rxd8 22. cxd4 Bxd4 23. Rb1 Ne5 24. Bxe5 Bxe5 25. Qe3 Bd4 26. Qe7 Bf6 27. Bxf7+
Kh8 28. Qf8# 1-0

[Event "Titled Tue 26th Aug Early"]
[Site "chess.com INT"]
[Date "2025.08.26"]
[Round "5"]
[White "Maghsoodloo, Parham"]
[Black "Henriquez Villagra, Cristobal"]
[Result "1-0"]
[WhiteTitle "GM"]
[BlackTitle "GM"]
[WhiteElo "2695"]
[BlackElo "2592"]
[WhiteFideId "12539929"]
[BlackFideId "3409350"]
[EventDate "2025.08.26"]

1. c4 e6 2. Nc3 d5 3. d4 c6 4. cxd5 exd5 5. Bf4 Bd6 6. Bxd6 Qxd6 7. e3 Nf6 8.
Bd3 O-O 9. h3 Re8 10. Qc2 Be6 11. Nge2 a6 12. O-O Nbd7 13. a4 c5 14. dxc5 Nxc5
15. Rfd1 Rac8 16. a5 Qe5 17. Nd4 g6 18. Qe2 Bd7 19. Qf3 Kg7 20. Ra3 Rc7 21. Bb1
Rec8 22. Ba2 Be6 23. Nce2 Nce4 24. Bb3 Rc1 1-0

[Event "Titled Tue 26th Aug Early"]
[Site "chess.com INT"]
[Date "2025.08.26"]
[Round "5"]
[White "Atzl, Florian"]
[Black "Sevig, Mert Can"]
[Result "0-1"]
[WhiteTitle "CM"]
[BlackTitle "CM"]
[WhiteElo "2146"]
[BlackElo "2143"]
[WhiteFideId "1635891"]
[BlackFideId "44546335"]
[EventDate "2025.08.26"]

1. e4 g6 2. d4 Bg7 3. Be2 d6 4. h4 h5 5. Nc3 Nf6 6. Bg5 Nh7 7. Be3 Nd7 8. Qd2 c5
9. O-O-O cxd4 10. Bxd4 O-O 11. Bxg7 Kxg7 12. g4 hxg4 13. h5 g5 14. Bxg4 Ne5 15.
Be2 Be6 16. f4 gxf4 17. Nf3 Rc8 18. Qxf4 Qa5 19. Rdg1+ Kh8 20. Qh6 Ng4 21. Nd4
Nxh6 22. Nxe6 fxe6 23. Rg6 Rxc3 24. bxc3 Qxc3 25. Bd3 Qa1+ 0-1

[Event "Titled Tue 26th Aug Early"]
[Site "chess.com INT"]
[Date "2025.08.26"]
[Round "5"]
[White "Gabrielian, Artur"]
[Black "Silwal, Purushottam"]
[Result "1-0"]
[WhiteTitle "GM"]
[BlackTitle "CM"]
[WhiteElo "2407"]
[BlackElo "2129"]
[WhiteFideId "4131002"]
[BlackFideId "12332313"]
[EventDate "2025.08.26"]

1. Nf3 Nf6 2. g3 g6 3. Bg2 Bg7 4. O-O O-O 5. d4 d5 6. c4 dxc4 7. Na3 c3 8. bxc3
c5 9. Re1 Nc6 10. e4 cxd4 11. cxd4 Bg4 12. Bb2 Nh5 13. e5 Rc8 14. h3 Be6 15. Ng5
Bd5 16. Ne4 Nb4 17. Qd2 Qb6 18. Bc3 Nxa2 19. Rxa2 Bxa2 20. Qxa2 Rfd8 21. Rb1 Qa6
22. Bf1 Qc6 23. Bg2 Qa6 24. Qb3 b6 25. Nb5 Bh6 26. Kh2 Kh8 27. Ra1 Qb7 28. Ned6
Qxg2+ 29. Kxg2 exd6 30. Nxd6 1-0

[Event "Titled Tue 26th Aug Early"]
[Site "chess.com INT"]
[Date "2025.08.26"]
[Round "5"]
[White "Chassard, Cedric"]
[Black "Molina, Roberto Junio Brito"]
[Result "0-1"]
[WhiteTitle "FM"]
[BlackTitle "IM"]
[WhiteElo "2208"]
[BlackElo "2378"]
[WhiteFideId "16243536"]
[BlackFideId "2109450"]
[EventDate "2025.08.26"]

1. d4 c6 2. Nf3 d5 3. Bf4 Bf5 4. e3 Qb6 5. Nbd2 e6 6. Rb1 Nd7 7. Nh4 Be4 8. f3
Be7 9. Bg3 Bg6 10. Nxg6 hxg6 11. c4 Ngf6 12. Qb3 a5 13. Qxb6 Nxb6 14. b3 Bb4 15.
Bd3 Nc8 16. Ke2 Bd6 17. Bxd6 Nxd6 18. cxd5 Nxd5 19. Rbc1 a4 20. Nc4 Ke7 21. Ne5
axb3 22. axb3 Ra2+ 23. Rc2 Rha8 24. Kd2 Nb4 25. Rxa2 Rxa2+ 26. Kc3 Nd5# 0-1

[Event "Titled Tue 26th Aug Early"]
[Site "chess.com INT"]
[Date "2025.08.26"]
[Round "5"]
[White "Lai, Duc Minh"]
[Black "Galchenko, Matvey"]
[Result "0-1"]
[BlackTitle "IM"]
[WhiteElo "2121"]
[BlackElo "2435"]
[WhiteFideId "12420387"]
[BlackFideId "24175480"]
[EventDate "2025.08.26"]

1. d4 Nf6 2. Bf4 c5 3. e3 d5 4. Nc3 Bg4 5. f3 Bd7 6. Bxb8 Rxb8 7. dxc5 Qa5 8.
Qd4 b6 9. Qe5 Rc8 10. cxb6 Qxb6 11. O-O-O e6 12. Nxd5 Nxd5 13. Rxd5 Be7 14. Qxg7
Qxe3+ 15. Rd2 Bg5 16. f4 Qe1+ 0-1

[Event "Titled Tue 26th Aug Early"]
[Site "chess.com INT"]
[Date "2025.08.26"]
[Round "5"]
[White "Gavarrete, Nahun"]
[Black "Goldin, Roman"]
[Result "0-1"]
[WhiteTitle "FM"]
[BlackTitle "FM"]
[WhiteElo "2281"]
[BlackElo "2284"]
[WhiteFideId "8400709"]
[BlackFideId "2803860"]
[EventDate "2025.08.26"]

1. e4 Nc6 2. d4 e5 3. d5 Nce7 4. g3 f5 5. Bg2 fxe4 6. Bxe4 Nf6 7. Bg2 Nf5 8. Ne2
Bc5 9. O-O d6 10. c3 O-O 11. a4 a6 12. Nd2 Qe8 13. Ne4 Nxe4 14. Bxe4 Qh5 15. Qd3
Bd7 16. Kh1 Rf6 17. f3 Raf8 18. g4 Qh3 19. Bd2 Nh4 20. Bg5 Qg2# 0-1

[Event "Titled Tue 26th Aug Early"]
[Site "chess.com INT"]
[Date "2025.08.26"]
[Round "5"]
[White "Loftgaard, Mikkel Vinh"]
[Black "Swarna Nihal"]
[Result "0-1"]
[WhiteTitle "FM"]
[BlackTitle "FM"]
[WhiteElo "2281"]
[BlackElo "2366"]
[WhiteFideId "1468480"]
[BlackFideId "25683640"]
[EventDate "2025.08.26"]

1. e4 c5 2. Nf3 g6 3. c3 d5 4. exd5 Qxd5 5. d4 Bg7 6. Be2 Nc6 7. Be3 cxd4 8.
cxd4 Nf6 9. Nc3 Qa5 10. d5 Nxd5 11. O-O Nxe3 12. fxe3 O-O 13. Rc1 Be6 14. Qe1
Rad8 15. Qh4 Bf6 16. Qg3 Qb4 17. Ng5 Qxb2 18. Nxe6 fxe6 19. Bc4 Bxc3 20. Bxe6+
Kg7 21. Bb3 Be5 22. Qh4 Rd2 23. Qg5 Rff2 24. Rxf2 Qxc1+ 25. Rf1 Bxh2+ 26. Kxh2
Qxf1 27. e4 Qf2 28. e5 h6 29. Qg4 Rd4 0-1

[Event "Titled Tue 26th Aug Early"]
[Site "chess.com INT"]
[Date "2025.08.26"]
[Round "5"]
[White "Amarasinghe, A A C B"]
[Black "Kleibel, Uwe"]
[Result "0-1"]
[WhiteTitle "CM"]
[BlackTitle "FM"]
[WhiteElo "1963"]
[BlackElo "2301"]
[WhiteFideId "9901809"]
[BlackFideId "1270982"]
[EventDate "2025.08.26"]

1. d4 d5 2. c4 e6 3. g3 Nf6 4. Bg2 Bd6 5. Nf3 O-O 6. O-O Nc6 7. Nc3 dxc4 8. Bg5
h6 9. Bxf6 Qxf6 10. e4 e5 11. d5 Nd4 12. Nd2 b5 13. a4 b4 14. Nb5 c3 15. bxc3
Nxb5 16. axb5 bxc3 17. Nc4 Rb8 18. Qb3 a6 19. Qxc3 axb5 20. Na5 Bd7 21. Nc6 b4
22. Qc4 Bxc6 23. Qxc6 Rb6 24. Qc5 Bxc5 25. Rac1 Bd6 26. Rc4 b3 27. Rb1 b2 28.
Rc2 Rfb8 29. h3 Ba3 30. Bf1 Qd6 31. Bd3 Rb3 32. Bc4 R3b4 33. Bd3 Rd4 0-1

[Event "Titled Tue 26th Aug Early"]
[Site "chess.com INT"]
[Date "2025.08.26"]
[Round "5"]
[White "Huschenbeth, Niclas"]
[Black "Li, Yilin"]
[Result "1-0"]
[WhiteTitle "GM"]
[BlackTitle "WFM"]
[WhiteElo "2591"]
[BlackElo "1921"]
[WhiteFideId "24604747"]
[BlackFideId "8610410"]
[EventDate "2025.08.26"]

1. e4 c5 2. Nf3 a6 3. c3 d5 4. exd5 Qxd5 5. d4 e6 6. Be3 cxd4 7. cxd4 Nf6 8. Nc3
Qd8 9. Bd3 Nc6 10. O-O Be7 11. Rc1 Nb4 12. Bb1 Nbd5 13. Bg5 O-O 14. Qd3 g6 15.
Ne5 Nb4 16. Qf3 Kg7 17. Qh3 h5 18. Qh4 Nfd5 19. Ne4 Bxg5 20. Nxg5 Qf6 21. Qg3
Qf4 22. Ngxf7 Qxg3 23. fxg3 Ne7 24. Nd6 Nf5 25. Rc7+ Kf6 26. Ne4# 1-0

[Event "Titled Tue 26th Aug Early"]
[Site "chess.com INT"]
[Date "2025.08.26"]
[Round "5"]
[White "Moskvin, Anatoly"]
[Black "Kosakowski, Jakub"]
[Result "0-1"]
[WhiteTitle "CM"]
[BlackTitle "GM"]
[WhiteElo "2192"]
[BlackElo "2542"]
[WhiteFideId "24199990"]
[BlackFideId "1185080"]
[EventDate "2025.08.26"]

1. e4 c5 2. Nf3 d6 3. b4 cxb4 4. d4 g6 5. a3 bxa3 6. c3 Bg7 7. Bd3 Nf6 8. O-O
O-O 9. Re1 Nc6 10. Nxa3 Bg4 11. h3 Bxf3 12. Qxf3 Rc8 13. Bd2 Nd7 14. Reb1 Na5
15. Qe3 a6 16. c4 Nc6 17. Bc3 e5 18. d5 Nd4 19. Rxb7 Nc5 20. Rbb1 Qh4 21. Bxd4
exd4 22. Qe2 Rfe8 23. f3 Rb8 24. Nc2 h5 25. Qd2 Nb3 26. Qf2 Qxf2+ 27. Kxf2 Nxa1
28. Rxa1 Rb6 29. h4 Reb8 30. g4 hxg4 31. fxg4 Be5 32. Ne1 Rb2+ 33. Nc2 R8b3 34.
Ke2 Rc3 35. Rxa6 Rbxc2+ 36. Bxc2 Rxc2+ 0-1